| 000 | 00570cam a2200193 4500 | ||
|---|---|---|---|
| 001 | J470 | ||
| 008 | 090401t1992 xxu||||| |||| 00| 0 eng d | ||
| 035 | _a(Sirsi) u75169 | ||
| 041 | _aeng | ||
| 050 | _a691.0212 | ||
| 110 |
_aUnited Kingdom _bDepartment of the Environment _9982 |
||
| 245 | _aMonthly statistics of building materials and components. - January - December 1992 | ||
| 260 |
_aLondon _bDepartment of the Environment _c1992 |
||
| 300 | _a12 pt. in one volume ; 30cm. | ||
| 350 | _a0 | ||
| 690 | _aBUILT ENVIRONMENT | ||
| 942 | _n0 | ||
| 948 | _c04/03/1997 | ||
| 999 |
_c95969 _d95969 |
||